[Event "Mukachevo IM October 2019"]
[Site "Mukachevo"]
[Date "2019.10.03"]
[Round "5.3"]
[White "Kersten, Uwe"]
[Black "Boricsev, Oleg"]
[Result "1-0"]
[WhiteElo "2239"]
[BlackElo "2241"]
[Annotator "NA"]
[PlyCount "73"]
[EventDate "2019.10.01"]
[EventType "tourn"]
[EventCountry "UKR"]
[SourceTitle "playchess.com"]
[Source "ChessBase"]
[SourceQuality "1"]
[TimeControl "40/5400+30:900+30"]

1. d4 {[%emt 0:00:29]} d5 {[%emt 0:00:00]} 2. Nf3 {[%emt 0:01:00]} e6 {[%emt 0:00:11]} 3. Bf4 {[%emt 0:00:25]} Bd6 {[%emt 0:00:23]} 4. Bg3 {[%emt 0:00:29]} Nf6 {[%emt 0:00:39]} 5. e3 {[%emt 0:01:11]} O-O {[%emt 0:02:23]} 6. Nbd2 {[%emt 0:01:48]} c5 {[%emt 0:01:31]} 7. c3 {[%emt 0:00:18]} b6 {[%emt 0:01:30]} 8. Bd3 {[%emt 0:08:11]} Ba6 {[%emt 0:02:33]} 9. Bxa6 {[%emt 0:06:15]} Nxa6 {[%emt 0:00:21]} 10. Qe2 {[%emt 0:00:58]} Nc7 {[%emt 0:03:23]} 11. e4 {[%emt 0:05:27]} Bxg3 {[%emt 0:09:28]} 12. hxg3 {[%emt 0:00:17]} h6 {[%emt 0:05:52]} 13. e5 {[%emt 0:06:50]} Nd7 {[%emt 0:00:14]} 14. g4 {[%emt 0:10:41]} f6 {[%emt 0:01:07]} 15. Rh5 {[%emt 0:11:31]} fxe5 {[%emt 0:02:52]} 16. dxe5 {[%emt 0:00:35]} Qe8 {[%emt 0:04:11]} 17. O-O-O {[%emt 0:03:22]} c4 {[%emt 0:00:29]} 18. Nh4 {[%emt 0:12:16]} Nc5 {[%emt 0:00:33]} 19. Ndf3 {[%emt 0:00:23]} Nd3+ {[%emt 0:02:11]} 20. Rxd3 {[%emt 0:00:22]} cxd3 {[%emt 0:00:05]} 21. Qxd3 {[%emt 0:02:06]} Rf4 {[%emt 0:01:29]} 22. Ng5 {[%emt 0:08:42]} hxg5 {[%emt 0:11:17]} 23. Qh7+ {[%emt 0:00:10]} Kf8 {[%emt 0:03:32]} 24. Ng6+ {[%emt 0:05:32]} Kf7 {[%emt 0:00:07]} 25. Rxg5 {[%emt 0:04:22]} Rxf2 {[%emt 0:05:31]} 26. Nf4 {[%emt 0:01:07]} Qh8 {[%emt 0:03:57]} 27. Rf5+ {[%emt 0:04:53]} exf5 {[%emt 0:00:29]} 28. e6+ {[%emt 0:00:20]} Kf6 {[%emt 0:29:23]} 29. Qxf5+ {[%emt 0:00:20]} Ke7 {[%emt 0:00:04]} 30. Qf7+ {[%emt 0:01:24]} Kd6 {[%emt 0:00:07]} 31. Qd7+ {[%emt 0:00:13]} Ke5 {[%emt 0:00:08]} 32. Ng6+ {[%emt 0:01:07]} Ke4 {[%emt 0:04:52]} 33. Qa4+ {[%emt 0:01:35]} Ke3 {[%emt 0:01:22]} 34. Qd4+ {[%emt 0:00:41]} Ke2 {[%emt 0:00:05]} 35. Qd1+ {[%emt 0:01:02]} Ke3 {[%emt 0:00:05]} 36. Qe1+ {[%emt 0:00:24]} Re2 {[%emt 0:03:20]} 37. Qg3+ 1-0

[Event "Mukachevo IM October 2019"]
[Site "Mukachevo"]
[Date "2019.10.03"]
[Round "5.4"]
[White "Vachylia, Andrii"]
[Black "Sernecki, Franciszek"]
[Result "1-0"]
[WhiteElo "2201"]
[BlackElo "2276"]
[Annotator "NA"]
[PlyCount "99"]
[EventDate "2019.10.01"]
[EventType "tourn"]
[EventCountry "UKR"]
[SourceTitle "playchess.com"]
[Source "ChessBase"]
[SourceQuality "1"]
[TimeControl "40/5400+30:900+30"]

1. d4 {[%emt 0:00:00]} Nf6 {[%emt 0:00:12]} 2. c4 {[%emt 0:00:00]} e6 {[%emt 0:00:08]} 3. Nf3 {[%emt 0:00:00]} d5 {[%emt 0:00:04]} 4. Nc3 {[%emt 0:00:00]} c6 {[%emt 0:00:12]} 5. Bg5 {[%emt 0:00:26]} Nbd7 {[%emt 0:00:33]} 6. e3 {[%emt 0:00:20]} Qa5 {[%emt 0:00:41]} 7. Qc2 {[%emt 0:02:47]} Ne4 {[%emt 0:08:38]} 8. cxd5 {[%emt 0:00:31]} exd5 {[%emt 0:01:09]} 9. Bd3 {[%emt 0:00:19]} Nxg5 {[%emt 0:10:02]} 10. Nxg5 {[%emt 0:00:07]} g6 {[%emt 0:00:17]} 11. a3 {[%emt 0:18:41]} Bd6 {[%emt 0:15:17]} 12. h4 {[%emt 0:06:00]} Qd8 {[%emt 0:06:57]} 13. e4 {[%emt 0:01:45]} h6 {[%emt 0:12:26]} 14. Nf3 {[%emt 0:00:29]} dxe4 {[%emt 0:00:57]} 15. Nxe4 {[%emt 0:00:09]} Be7 {[%emt 0:01:01]} 16. O-O-O {[%emt 0:06:53]} Nf6 {[%emt 0:11:05]} 17. Nxf6+ {[%emt 0:06:26]} Bxf6 {[%emt 0:00:02]} 18. Qc5 {[%emt 0:00:17]} Be6 {[%emt 0:09:49]} 19. Rhe1 {[%emt 0:00:09]} Qe7 {[%emt 0:01:24]} 20. Bc4 {[%emt 0:01:37]} Qxc5 {[%emt 0:07:56]} 21. dxc5 {[%emt 0:00:07]} Be7 {[%emt 0:01:48]} 22. Bxe6 {[%emt 0:01:11]} fxe6 {[%emt 0:00:21]} 23. Rxe6 {[%emt 0:00:44]} Kf7 {[%emt 0:00:34]} 24. Re2 {[%emt 0:00:18]} Rad8 {[%emt 0:02:46]} 25. Ne5+ {[%emt 0:02:05]} Kg7 {[%emt 0:00:39]} 26. Rxd8 {[%emt 0:01:12]} Bxd8 {[%emt 0:00:19]} 27. Rd2 {[%emt 0:02:35]} Bxh4 {[%emt 0:01:53]} 28. g3 {[%emt 0:04:04]} Bd8 {[%emt 0:01:08]} 29. f4 {[%emt 0:01:53]} h5 {[%emt 0:03:07]} 30. Rd7+ {[%emt 0:00:08]} Kf6 {[%emt 0:00:13]} 31. Rd6+ {[%emt 0:02:16]} Kg7 {[%emt 0:01:04]} 32. Rxg6+ {[%emt 0:00:17]} Kh7 {[%emt 0:00:47]} 33. Rd6 {[%emt 0:00:16]} Re8 {[%emt 0:00:31]} 34. Rd7+ {[%emt 0:00:33]} Kg8 {[%emt 0:00:08]} 35. Rxb7 {[%emt 0:00:42]} Bf6 {[%emt 0:00:32]} 36. Nd7 {[%emt 0:05:22]} Bg7 {[%emt 0:00:55]} 37. Kd2 {[%emt 0:01:56]} Rd8 {[%emt 0:00:42]} 38. Kc2 {[%emt 0:00:45]} Re8 {[%emt 0:00:17]} 39. Kd3 {[%emt 0:02:04]} Re1 {[%emt 0:00:24]} 40. f5 {[%emt 0:00:00]} Rg1 {[%emt 0:00:00]} 41. f6 {[%emt 0:02:18]} Rxg3+ {[%emt 0:01:45]} 42. Ke4 {[%emt 0:00:06]} Bh6 {[%emt 0:00:08]} 43. Kf5 {[%emt 0:01:40]} h4 {[%emt 0:00:42]} 44. Rb8+ {[%emt 0:06:06]} Kh7 {[%emt 0:00:12]} 45. Rb4 {[%emt 0:00:12]} Rg5+ {[%emt 0:03:43]} 46. Ke6 {[%emt 0:00:07]} Rh5 {[%emt 0:00:05]} 47. f7 {[%emt 0:01:59]} h3 {[%emt 0:00:10]} 48. Rg4 {[%emt 0:01:08]} h2 {[%emt 0:00:49]} 49. Nf6+ {[%emt 0:00:07]} Kh8 {[%emt 0:00:01]} 50. Rg8# {[%emt 0:00:09]} 1-0

[Event "Mukachevo IM October 2019"]
[Site "Mukachevo"]
[Date "2019.10.03"]
[Round "5.5"]
[White "Rytenko, Vsevolod"]
[Black "Petrovskiy, Vadim"]
[Result "1/2-1/2"]
[WhiteElo "2387"]
[BlackElo "2197"]
[Annotator "TA"]
[PlyCount "93"]
[EventDate "2019.10.01"]
[EventType "tourn"]
[EventCountry "UKR"]
[SourceTitle "playchess.com"]
[Source "ChessBase"]
[SourceQuality "1"]

{[%evp 23,93,11,13,-2,8,10,44,39,36,8,10,19,42,32,42,49,33,29,84,49,106,31,26,23,29,33,31,32,31,23,24,31,14,13,15,7,4,6,9,4,37,27,20,0,71,63,72,8,29,27,33,31,87,0,0,0,0,0,0,0,0,0,0,-8,-8,-8,-8,-8,-8,-8,-8,-8]} 1. Nf3 Nf6 2. c4 g6 3. g3 Bg7 4. Bg2 O-O 5. O-O d6 6. d3 c5 7. Nc3 Nc6 8. a3 a6 9. Rb1 Rb8 10. b4 cxb4 11. axb4 b5 12. cxb5 axb5 13. h3 {A38: Symmetrical English vs ...g6: 4 Bg2 Bg7 5 Nf3 Nf6} h6 (13... d5 14. Bf4 Rb6 15. Ne5 Nxe5 16. Bxe5 d4 17. Bxf6 exf6 18. Nd5 Rd6 19. Rc1 Rxd5 20. Rxc8 Qxc8 21. Bxd5 Qxh3 {½-½ (48) Markus,R (2632)-Salgado Lopez,I (2615) Reykjavik 2015}) 14. e4 e5 15. Be3 $1 {White is slightly better.} Be6 16. Qd2 Kh7 $146 ({Predecessor:} 16... Qd7 17. Kh2 Kh7 18. Rfc1 Rfc8 19. Ne2 Ne7 20. Rxc8 Rxc8 {½-½ (20) Wieber,D (1806)-Udaykumar,A (1728) Willingen 2018}) 17. d4 exd4 18. Nxd4 Nxd4 19. Bxd4 ({Wrong is} 19. Qxd4 $2 Nd5 $19) 19... Qd7 20. g4 Rfe8 (20... Rbc8 $11) 21. Rfd1 Rbc8 (21... Rec8 $14) 22. Ne2 ({White should try} 22. Qe3 $16) 22... Bc4 $14 23. Ng3 Ra8 24. Ra1 Ra4 25. Qc3 {[#] Threatens to win with Rxa4.} Qe6 26. f4 {Black must now prevent Rxa4.} Rea8 27. f5 Qe7 28. Rxa4 Rxa4 29. Ra1 Rxa1+ 30. Qxa1 Qd8 31. Nf1 Ne8 32. Bxg7 Nxg7 33. Qd4 Qc7 (33... h5 $11 {remains equal.}) 34. Ne3 Ne8 35. h4 (35. Kf2 $16) 35... Qe7 $11 36. Nxc4 bxc4 37. Qxc4 {aiming for b5.} Nf6 ({Better is} 37... gxf5 $14 38. gxf5 Nf6) 38. g5 (38. fxg6+ $16 Kxg6 39. Qc8) 38... Ng4 {The position is equal.} 39. h5 {Strongly threatening Qxf7+.} (39. fxg6+ {with more complications.} fxg6 40. Qc1 Qf7 41. Kh1 h5 42. Qf1) 39... gxf5 40. Qxf7+ {[%mdl 64] [#] Remove Defender} Qxf7 41. g6+ Qxg6 42. hxg6+ Kxg6 43. exf5+ Kxf5 {KB-KN} 44. Bh3 (44. b5 $5 {[%cal Rb5b6]} Ke6 45. Bh3 $11) 44... h5 45. Kg2 Ke5 46. Kg3 Kd5 47. Bf1 {Accuracy: White = 59%, Black = 56%.} 1/2-1/2

[Event "Mukachevo IM October 2019"]
[Site "Mukachevo"]
[Date "2019.10.04"]
[Round "6.1"]
[White "Shkuran, Danylo"]
[Black "Petrovskiy, Vadim"]
[Result "1-0"]
[WhiteElo "2343"]
[BlackElo "2197"]
[Annotator "TA"]
[PlyCount "79"]
[EventDate "2019.10.01"]
[EventType "tourn"]
[EventCountry "UKR"]
[SourceTitle "playchess.com"]
[Source "ChessBase"]
[SourceQuality "1"]

{[%evp 20,79,10,10,21,23,35,14,44,31,62,37,49,24,28,43,88,87,79,85,140,139,147,135,97,93,116,-27,278,287,369,368,367,356,413,412,541,518,508,392,393,375,401,377,411,165,156,145,437,380,611,294,641,608,681,668,1147,1138,1319,1306,29984,29985]} 1. e4 c5 2. Nf3 Nc6 3. Nc3 d6 4. d4 cxd4 5. Nxd4 Nf6 6. g3 g6 7. Bg2 Bd7 8. O-O Bg7 9. Nde2 O-O 10. a4 Rc8 11. h3 a6 {B70: Sicilian Dragon: 6 g3 and 6 Be2 (without a later Be3)} 12. Be3 b6 $146 ({Predecessor:} 12... Ne5 13. b3 Rxc3 14. Nxc3 Qc8 15. Ne2 Bxh3 16. f3 d5 17. exd5 Rd8 18. c4 b5 19. axb5 axb5 20. Bxh3 Qxh3 {½-½ (45) Mareco,S (2651)-Salinas Herrera,P (2483) Montevideo 2019}) 13. Nd5 Rb8 {The position is equal.} 14. c3 Ne5 15. Bd4 Re8 16. Nxf6+ exf6 17. Nf4 f5 18. exf5 Bxf5 19. Re1 b5 (19... a5 $142) 20. axb5 $16 Rxb5 21. b4 ({Resist} 21. Rxa6 $6 Rxb2 22. Bd5 Rb8 $14) 21... Qc8 22. Kh2 Bd7 23. Qa4 (23. Nd5 $16) 23... a5 $2 {[%mdl 8192] [#]} (23... Ng4+ $11 {and Black stays safe.} 24. hxg4 Rbe5 25. Qxa6 Rxe1 26. Bxg7 Kxg7) 24. bxa5 $18 Rb1 25. Rexb1 Bxa4 26. Rxa4 {[%cal Ba1a4,Ba4b4,Bb4b8][%mdl 32]} Qf5 27. Rab4 g5 28. Rb8 Rf8 29. Nh5 Nf3+ 30. Bxf3 $1 Bxd4 31. Kg2 Ba7 32. R8b5 (32. R1b5 $142 Qg6 33. R8b7) 32... Bc5 33. R1b2 Qe5 $2 {[%mdl 8192] [#]} (33... Qd3 $16 {keeps fighting.}) 34. c4 Re8 $2 (34... d5 35. Bxd5 (35. Rxc5 Qxb2 36. Bxd5 Kh8 $11) (35. cxd5 f5 $14) 35... Qd4) 35. Bd5 (35. Re2 $142 Qxe2 36. Bxe2) 35... h6 $2 (35... Bd4) 36. Rb7 Rf8 37. a6 {[%cal Ba5a6,Ba6a7][%mdl 32]} Kh7 38. Ra2 Bd4 39. a7 Qe1 40. Rb8 {Accuracy: White = 42%, Black = 11%.} 1-0

[Event "Mukachevo IM October 2019"]
[Site "Mukachevo"]
[Date "2019.10.04"]
[Round "6.4"]
[White "Ganze, Laszlo"]
[Black "Kersten, Uwe"]
[Result "0-1"]
[WhiteElo "1942"]
[BlackElo "2239"]
[Annotator "NA"]
[PlyCount "70"]
[EventDate "2019.10.01"]
[EventType "tourn"]
[EventCountry "UKR"]
[SourceTitle "playchess.com"]
[Source "ChessBase"]
[SourceQuality "1"]
[TimeControl "40/5400+30:900+30"]

1. d4 {[%emt 0:00:00]} Nf6 {[%emt 0:00:00]} 2. Nf3 {[%emt 0:00:01]} e6 {[%emt 0:00:20]} 3. c4 {[%emt 0:00:22]} c5 {[%emt 0:00:40]} 4. Nc3 {[%emt 0:03:21]} cxd4 {[%emt 0:00:42]} 5. Nxd4 {[%emt 0:00:12]} a6 {[%emt 0:02:13]} 6. g3 {[%emt 0:03:23]} Qc7 {[%emt 0:00:47]} 7. Qd3 {[%emt 0:03:46]} b6 {[%emt 0:00:27]} 8. Bg2 {[%emt 0:00:32]} Bb7 {[%emt 0:00:08]} 9. e4 {[%emt 0:01:40]} d6 {[%emt 0:01:40]} 10. O-O {[%emt 0:04:39]} Be7 {[%emt 0:01:17]} 11. b3 {[%emt 0:03:49]} O-O {[%emt 0:00:43]} 12. Bb2 {[%emt 0:00:32]} Nbd7 {[%emt 0:00:20]} 13. Qe2 {[%emt 0:02:45]} Rfe8 {[%emt 0:04:09]} 14. Rad1 {[%emt 0:02:29]} Bf8 {[%emt 0:01:43]} 15. Qc2 {[%emt 0:03:40]} Rac8 {[%emt 0:01:15]} 16. Qb1 {[%emt 0:01:38]} Qb8 {[%emt 0:01:06]} 17. f3 {[%emt 0:00:48]} Ba8 {[%emt 0:13:25]} 18. Rfe1 {[%emt 0:02:58]} g6 {[%emt 0:04:56]} 19. Bh3 {[%emt 0:02:59]} Bg7 {[%emt 0:01:48]} 20. Bf1 {[%emt 0:06:24]} h5 {[%emt 0:03:22]} 21. Nde2 {[%emt 0:02:35]} Ne5 {[%emt 0:11:37]} 22. Bg2 {[%emt 0:00:36]} b5 {[%emt 0:00:57]} 23. cxb5 {[%emt 0:01:44]} axb5 {[%emt 0:01:30]} 24. Nf4 {[%emt 0:04:04]} Qb6+ {[%emt 0:12:12]} 25. Kh1 {[%emt 0:00:44]} Nfg4 {[%emt 0:00:56]} 26. fxg4 {[%emt 0:08:14]} Nxg4 {[%emt 0:00:05]} 27. Nh3 {[%emt 0:07:27]} Bxc3 {[%emt 0:01:04]} 28. Bxc3 {[%emt 0:00:49]} Rxc3 {[%emt 0:00:06]} 29. Rd3 {[%emt 0:04:48]} Rec8 {[%emt 0:02:46]} 30. Bf3 {[%emt 0:05:28]} Ne5 {[%emt 0:02:58]} 31. Rxc3 {[%emt 0:02:30]} Rxc3 {[%emt 0:00:03]} 32. Bg2 {[%emt 0:00:29]} Ng4 {[%emt 0:00:51]} 33. Qb2 {[%emt 0:02:50]} Qc5 {[%emt 0:01:58]} 34. b4 {[%emt 0:01:36]} Qc4 {[%emt 0:01:45]} 35. Bf1 {[%emt 0:09:28]} Bxe4+ 0-1

[Event "Mukachevo IM October 2019"]
[Site "Mukachevo"]
[Date "2019.10.04"]
[Round "6.5"]
[White "Tiba, Vladyslav"]
[Black "Oros, Robert"]
[Result "1/2-1/2"]
[WhiteElo "2360"]
[BlackElo "2284"]
[Annotator "TA"]
[PlyCount "63"]
[EventDate "2019.10.01"]
[EventType "tourn"]
[EventCountry "UKR"]
[SourceTitle "playchess.com"]
[Source "ChessBase"]
[SourceQuality "1"]

{[%evp 21,63,-15,-12,-20,-34,-9,-6,-25,-12,-26,0,0,39,28,38,24,56,45,62,28,26,9,32,28,31,33,65,31,32,22,38,30,54,19,59,33,72,25,27,0,0,0,0,0]} 1. e4 e5 2. Nf3 Nc6 3. Bb5 a6 4. Ba4 Nf6 5. O-O b5 6. Bb3 Bb7 7. Re1 Bc5 8. c3 d6 9. d4 Bb6 10. a4 O-O 11. axb5 axb5 12. Rxa8 {C78: Ruy Lopez: Archangelsk and Möller Defences} Qxa8 13. Bg5 Nd7 14. Bd5 h6 15. Bh4 $146 ({Predecessor:} 15. Be3 Nf6 16. Bxc6 Bxc6 17. dxe5 dxe5 18. Bxb6 cxb6 19. Nxe5 Bxe4 {0-1 (59) Veiga,J (2357)-Grigoryan,K (2549) Gijon 2019}) 15... exd4 16. cxd4 Nd8 {[%cal Bc6d8,Bd8e6,Be6f8,Bf8d7,Bd7e5][%mdl 32]} 17. Bxb7 Qxb7 18. Nc3 Ne6 19. Nd5 Re8 20. Bg3 Ba7 21. b4 Nb6 22. Nc3 Nc4 23. d5 Nf8 24. Nd4 Nb2 25. Qd2 Bxd4 26. Qxd4 Na4 27. f3 Nd7 28. Bf2 Ne5 29. Ra1 Ra8 30. h3 Nxc3 31. Qxc3 {With the idea Rxa8+.} Rxa1+ 32. Qxa1 {Accuracy: White = 33%, Black = 50%.} 1/2-1/2

[Event "Mukachevo IM October 2019"]
[Site "Mukachevo"]
[Date "2019.10.04"]
[Round "7.1"]
[White "Oros, Robert"]
[Black "Shkuran, Danylo"]
[Result "1/2-1/2"]
[WhiteElo "2284"]
[BlackElo "2343"]
[Annotator "NA"]
[PlyCount "62"]
[EventDate "2019.10.01"]
[EventType "tourn"]
[EventCountry "UKR"]
[SourceTitle "playchess.com"]
[Source "ChessBase"]
[SourceQuality "1"]
[TimeControl "40/5400+30:900+30"]

1. d4 {[%emt 0:00:00]} d5 {[%emt 0:00:00]} 2. c4 {[%emt 0:00:08]} c6 {[%emt 0:00:00]} 3. Nf3 {[%emt 0:00:09]} Nf6 {[%emt 0:00:00]} 4. cxd5 {[%emt 0:00:06]} cxd5 {[%emt 0:00:00]} 5. Nc3 {[%emt 0:00:06]} Nc6 {[%emt 0:00:07]} 6. Bf4 {[%emt 0:00:18]} a6 {[%emt 0:00:49]} 7. e3 {[%emt 0:00:08]} Bg4 {[%emt 0:00:21]} 8. Be2 {[%emt 0:00:29]} e6 {[%emt 0:00:47]} 9. O-O {[%emt 0:00:13]} Bd6 {[%emt 0:00:17]} 10. Ne5 {[%emt 0:01:53]} Bxe2 {[%emt 0:05:25]} 11. Qxe2 {[%emt 0:00:09]} Rc8 {[%emt 0:00:45]} 12. Rfc1 {[%emt 0:00:35]} O-O {[%emt 0:00:55]} 13. Nxc6 {[%emt 0:02:41]} Rxc6 {[%emt 0:00:41]} 14. Bg5 {[%emt 0:02:33]} h6 {[%emt 0:00:34]} 15. Bh4 {[%emt 0:01:14]} Be7 {[%emt 0:00:15]} 16. Qd1 {[%emt 0:02:37]} Qd7 {[%emt 0:05:59]} 17. Bxf6 {[%emt 0:00:56]} Bxf6 {[%emt 0:01:29]} 18. Ne2 {[%emt 0:00:22]} Rfc8 {[%emt 0:00:20]} 19. Rxc6 {[%emt 0:00:12]} Rxc6 {[%emt 0:02:08]} 20. Rc1 {[%emt 0:02:13]} Be7 {[%emt 0:02:16]} 21. g3 {[%emt 0:01:28]} Bd6 {[%emt 0:00:35]} 22. Rxc6 {[%emt 0:00:28]} Qxc6 {[%emt 0:00:04]} 23. Qc1 {[%emt 0:00:10]} Qxc1+ {[%emt 0:00:34]} 24. Nxc1 {[%emt 0:00:05]} Kf8 {[%emt 0:00:21]} 25. Kf1 {[%emt 0:00:29]} Ke7 {[%emt 0:03:56]} 26. Ke2 {[%emt 0:01:46]} Kd7 {[%emt 0:00:15]} 27. Kd3 {[%emt 0:00:21]} Kc6 {[%emt 0:00:12]} 28. Ne2 {[%emt 0:00:07]} b6 {[%emt 0:00:18]} 29. Nc3 {[%emt 0:00:06]} Bb4 {[%emt 0:00:05]} 30. a3 {[%emt 0:00:09]} Bxc3 {[%emt 0:00:05]} 31. Kxc3 {[%emt 0:00:04]} Kb5 1/2-1/2

[Event "Mukachevo IM October 2019"]
[Site "Mukachevo"]
[Date "2019.10.04"]
[Round "7.2"]
[White "Kersten, Uwe"]
[Black "Tiba, Vladyslav"]
[Result "1-0"]
[WhiteElo "2239"]
[BlackElo "2360"]
[Annotator "NA"]
[PlyCount "99"]
[EventDate "2019.10.01"]
[EventType "tourn"]
[EventCountry "UKR"]
[SourceTitle "playchess.com"]
[Source "ChessBase"]
[SourceQuality "1"]
[TimeControl "40/5400+30:900+30"]

1. d4 {[%emt 0:00:00]} Nf6 {[%emt 0:00:00]} 2. Bf4 {[%emt 0:00:00]} g6 {[%emt 0:00:00]} 3. Nc3 {[%emt 0:00:19]} d5 {[%emt 0:02:04]} 4. e3 {[%emt 0:00:08]} Bg7 {[%emt 0:00:07]} 5. h4 {[%emt 0:00:16]} h5 {[%emt 0:00:17]} 6. Nf3 {[%emt 0:01:32]} O-O {[%emt 0:00:21]} 7. Be2 {[%emt 0:07:24]} c5 {[%emt 0:10:47]} 8. Ne5 {[%emt 0:03:30]} cxd4 {[%emt 0:01:09]} 9. exd4 {[%emt 0:00:15]} Nc6 {[%emt 0:00:45]} 10. Qd2 {[%emt 0:05:07]} Bf5 {[%emt 0:02:20]} 11. Nxc6 {[%emt 0:09:52]} bxc6 {[%emt 0:00:06]} 12. f3 {[%emt 0:00:56]} c5 {[%emt 0:06:02]} 13. Be5 {[%emt 0:04:41]} cxd4 {[%emt 0:02:48]} 14. Bxd4 {[%emt 0:02:01]} Qb8 {[%emt 0:02:26]} 15. f4 {[%emt 0:18:40]} Rd8 {[%emt 0:04:17]} 16. O-O-O {[%emt 0:01:51]} a5 {[%emt 0:05:26]} 17. a4 {[%emt 0:03:06]} Bg4 {[%emt 0:08:45]} 18. Bxg4 {[%emt 0:01:55]} Nxg4 {[%emt 0:00:27]} 19. Bxg7 {[%emt 0:04:00]} Kxg7 {[%emt 0:00:22]} 20. Qd4+ {[%emt 0:00:28]} Kh7 {[%emt 0:00:58]} 21. Rhe1 {[%emt 0:04:50]} e6 {[%emt 0:00:38]} 22. Nb5 {[%emt 0:01:48]} Qb7 {[%emt 0:00:47]} 23. Rd3 {[%emt 0:00:54]} Rac8 {[%emt 0:01:00]} 24. b3 {[%emt 0:01:04]} Qe7 {[%emt 0:00:22]} 25. g3 {[%emt 0:01:07]} Nf6 {[%emt 0:00:15]} 26. Rc3 {[%emt 0:02:07]} Ne4 {[%emt 0:01:35]} 27. Rxc8 {[%emt 0:00:50]} Rxc8 {[%emt 0:00:07]} 28. Re3 {[%emt 0:00:21]} Qe8 {[%emt 0:04:21]} 29. Kb2 {[%emt 0:01:29]} Qc6 {[%emt 0:01:21]} 30. c3 {[%emt 0:03:48]} Rb8 {[%emt 0:00:50]} 31. Qe5 {[%emt 0:02:15]} Rb7 {[%emt 0:00:45]} 32. Qd4 {[%emt 0:00:22]} Re7 {[%emt 0:02:36]} 33. Na7 {[%emt 0:03:13]} Qb7 {[%emt 0:00:45]} 34. Nb5 {[%emt 0:00:06]} f6 {[%emt 0:00:23]} 35. Rd3 {[%emt 0:02:31]} Kg7 {[%emt 0:02:43]} 36. Qg1 {[%emt 0:01:35]} e5 {[%emt 0:01:07]} 37. Qe3 {[%emt 0:03:25]} Qd7 {[%emt 0:04:33]} 38. fxe5 {[%emt 0:02:24]} Rxe5 {[%emt 0:00:54]} 39. Qa7 {[%emt 0:01:44]} Qxa7 {[%emt 0:00:57]} 40. Nxa7 {[%emt 0:00:00]} g5 {[%emt 0:00:00]} 41. Nc6 {[%emt 0:00:46]} Rf5 {[%emt 0:00:48]} 42. b4 {[%emt 0:04:14]} Rf2+ {[%emt 0:01:12]} 43. Ka3 {[%emt 0:00:42]} g4 {[%emt 0:00:33]} 44. Nd4 {[%emt 0:00:59]} Nd2 {[%emt 0:02:40]} 45. bxa5 {[%emt 0:00:57]} Nc4+ {[%emt 0:00:13]} 46. Kb4 {[%emt 0:00:06]} Rb2+ {[%emt 0:00:13]} 47. Kc5 {[%emt 0:00:49]} Ra2 {[%emt 0:01:15]} 48. Kxd5 {[%emt 0:02:02]} Rxa4 {[%emt 0:00:13]} 49. Ne6+ {[%emt 0:01:08]} Kf7 {[%emt 0:00:13]} 50. Nc5 {[%emt 0:00:17]} 1-0

[Event "Mukachevo IM October 2019"]
[Site "Mukachevo"]
[Date "2019.10.04"]
[Round "7.3"]
[White "Vachylia, Andrii"]
[Black "Ganze, Laszlo"]
[Result "1-0"]
[WhiteElo "2201"]
[BlackElo "1942"]
[Annotator "NA"]
[PlyCount "75"]
[EventDate "2019.10.01"]
[EventType "tourn"]
[EventCountry "UKR"]
[SourceTitle "playchess.com"]
[Source "ChessBase"]
[SourceQuality "1"]
[TimeControl "40/5400+30:900+30"]

1. e4 {[%emt 0:00:00]} c5 {[%emt 0:00:00]} 2. c3 {[%emt 0:00:00]} d5 {[%emt 0:00:18]} 3. exd5 {[%emt 0:00:13]} Qxd5 {[%emt 0:00:14]} 4. Nf3 {[%emt 0:00:08]} Nf6 {[%emt 0:00:51]} 5. d4 {[%emt 0:00:05]} Bg4 {[%emt 0:02:48]} 6. Be2 {[%emt 0:00:27]} cxd4 {[%emt 0:02:56]} 7. cxd4 {[%emt 0:00:07]} e6 {[%emt 0:01:37]} 8. O-O {[%emt 0:00:13]} Bb4 {[%emt 0:05:36]} 9. a3 {[%emt 0:05:24]} Ba5 {[%emt 0:02:25]} 10. h3 {[%emt 0:00:07]} Bf5 {[%emt 0:02:22]} 11. Ne5 {[%emt 0:01:42]} O-O {[%emt 0:12:54]} 12. b4 {[%emt 0:01:14]} Bb6 {[%emt 0:08:09]} 13. Be3 {[%emt 0:00:13]} Rc8 {[%emt 0:02:22]} 14. a4 {[%emt 0:03:37]} a5 {[%emt 0:03:24]} 15. bxa5 {[%emt 0:01:11]} Bxa5 {[%emt 0:01:33]} 16. Na3 {[%emt 0:00:45]} Na6 {[%emt 0:05:33]} 17. Bc4 {[%emt 0:03:36]} Qd8 {[%emt 0:02:10]} 18. Qf3 {[%emt 0:00:18]} Be4 {[%emt 0:00:59]} 19. Qg3 {[%emt 0:00:06]} Bc7 {[%emt 0:02:21]} 20. Rfd1 {[%emt 0:01:39]} Nd5 {[%emt 0:03:48]} 21. f4 {[%emt 0:03:55]} Nab4 {[%emt 0:03:11]} 22. Bb3 {[%emt 0:01:01]} Nc3 {[%emt 0:01:22]} 23. Re1 {[%emt 0:01:33]} Nbd5 {[%emt 0:02:12]} 24. Nac4 {[%emt 0:01:17]} b5 {[%emt 0:02:24]} 25. Nd2 {[%emt 0:00:44]} bxa4 {[%emt 0:01:48]} 26. Bxd5 {[%emt 0:00:44]} Bxd5 {[%emt 0:00:47]} 27. f5 {[%emt 0:00:09]} exf5 {[%emt 0:02:58]} 28. Bh6 {[%emt 0:00:43]} Qf6 {[%emt 0:01:02]} 29. Bg5 {[%emt 0:01:38]} Qb6 {[%emt 0:01:59]} 30. Kh1 {[%emt 0:00:47]} Qxd4 {[%emt 0:02:17]} 31. Bf6 {[%emt 0:00:24]} g6 {[%emt 0:01:17]} 32. Qg5 {[%emt 0:02:05]} Qf2 {[%emt 0:04:11]} 33. Nef3 {[%emt 0:00:12]} Bd6 {[%emt 0:03:47]} 34. Bd4 {[%emt 0:00:09]} Bxf3 {[%emt 0:01:21]} 35. Bxf2 {[%emt 0:00:50]} Ne4 {[%emt 0:02:57]} 36. Nxe4 {[%emt 0:00:34]} Bxe4 {[%emt 0:00:52]} 37. Qf6 {[%emt 0:00:06]} Rc4 38. Qxd6 {[%emt 0:00:15]} 1-0